1016 1547 1493 1681 1536 1238 1044 1492 1401 1350 1790 1814 1943 1791 1986 1934 1039 1916 1956 1416 1778 1112 1898 1228 1863 1685 1528 1875 1838 1676 1098 1825 1090 1671 1336 1537 1741 1937 1254 1939 1744 1768 1121 1742 1309 1781 1027 1545 1346 1162 1302 1798 1348 1682 1900 1719 1243 1915 1130 1322 1073 1846 1710 1218 1606 1739 1080 1951 1271 1031 1253 1814 1237 1860 1383 1807 1286 1558 1044 1051 1157 1558 1327 1667 1142 1769 1449 1892 1309 1054 1934 1149 1514 1215 1484 1208 1057 1879 1276 BCNSPRNW ULIB Ver.6.0+V

เปลี่ยนเป็นภาษาไทย

Change to English
 แสดงรายละเอียดบรรณานุกรม
  กลับหน้าหลัก

Brief Record : Get Marc (ISO 2709) : E-mail record : QR code < ปิดหน้าต่าง
LEADER : 00000nam 2200000uu 4500
001    13399110472
003     ULIB
008    110601s2544||||th 000 0 tha d
020    9747068516
060 04 WO375^bก358ก 2544
245 00 การให้ยาระงับความรู้สึกที่เกี่ยวข้องกับสถานการณ์และศัลยกรรมเร่งด่วน /^cบรรณาธิการ, อังกาบ ปราการรัตน์, วรภา สุวรรณจินดา
250    พิมพ์ครั้งที่ 1
260    [กรุงเทพฯ] :^bภาควิชาวิสัญญีวิทยาคณะแพทยศาสตร์ศิริราชพยาบาล มหาวิทยาลัยมหิดล,^c2544
300    ก-ญ, 340 หน้า :^bภาพประกอบ ;^c26 ซม.
650  7 ยาระงับความรู้สึก^xการใช้และขนาด
650  7 ระงับความรู้สึก
650  7 ศัลยกรรม
653    ผลงานอาจารย์คณะแพทยศาสตร์ศิริราชพยาบาล
700 0  วรภา สุวรรณจินดา,^eบรรณาธิการ
700 0  อังกาบ ปราการรัตน์,^eบรรณาธิการ
710 2  มหาวิทยาลัยมหิดล. ^bคณะแพทยศาสตร์ศิริราชพยาบาล.^bภาควิชาวิสัญญีวิทยา
945    ^p250^l0^i023110
945    ^p250^l0^i023109
945    ^p250^l0^i016290
945    ^p250^l0^i016289
945    ^p250^l0^i016288
945    ^p250^l0^i023108
999 ^a ใช้งานได้ทุกระบบ
รายการนี้ยังไม่มีแท็ก
คุณยังไม่ได้ล็อกอิน คุณสามารถมีกิจกรรมร่วมกับเว็บไซต์ได้ แต่ต้องล็อกอินก่อน ::
  ล็อกอิน

รายการสื่อสารสนเทศ

ลำดับที่ ประเภท เลขเรียก/บาร์โค้ด สถานที่ สถานะ
- ไม่พบข้อมูล -

รายการใกล้เคียง
    หัวเรื่อง [ระงับความรู้สึก]
    หัวเรื่อง [ศัลยกรรม]

BibComment


ยังไม่เคยถูกคอมเมนท์

คอมเมนท์ทรัพยากรรายการนี้
  คอมเมนท์: การให้ยาระงับความ..


 Copyright 2026. Bcnsprnw @Library